[Event "Kimry-ch"]
[Site "Kimry"]
[Date "2015.01.03"]
[Round "3"]
[White "Siritsa, Dmitry"]
[Black "Denishev, Marat"]
[Result "0-1"]
[WhiteElo "2287"]
[BlackElo "2236"]
[PlyCount "84"]
[EventDate "2015.01.02"]
[EventType "swiss"]
[EventRounds "9"]
[EventCountry "RUS"]
[SourceTitle "CBM 164 Extra"]
[Source "ChessBase"]
[SourceDate "2015.03.02"]
[SourceVersion "1"]
[SourceVersionDate "2015.03.02"]
[SourceQuality "1"]

1. e4 e6 2. d3 d5 3. Nd2 c5 4. Ngf3 Nc6 5. g3 Nf6 6. Bg2 g6 7. 0-0 Bg7 8. c3 0-0 9. e5 Nd7 10. d4 cxd4 11. cxd4 a5 12. Nb1 f6 13. exf6 Nxf6 14. Nc3 Ne4 15. Re1 Nd6 16. Bf4 Nf5 17. Nb5 Bd7 18. a4 Rc8 19. Nd6 Nxd6 20. Bxd6 Rxf3 21. Bxf3 Nxd4 22. Bg4 h5 23. Bh3 Qb6 24. Be5 Nc2 25. Qd3 Nxe1 26. Rxe1 Rf8 27. Bf4 Kh7 28. b3 Bd4 29. Re2 Rf7 30. Kg2 Bg7 31. Be3 d4 32. Bf4 Bc6+ 33. Kg1 Bd5 34. Bd2 Rf3 35. Qb5 Qxb5 36. axb5 Rxb3 37. Bxa5 Rxb5 38. Be1 d3 39. Re3 Rb1 40. Bf1 Bc4 41. Bd2 Rd1 42. Re4 Bd5 0-1

[Event "Central FO-ch"]
[Site "Gagarin"]
[Date "2009.05.02"]
[Round "2"]
[White "Siritsa, Dmitry"]
[Black "Grishchenko, Sergey"]
[Result "0-1"]
[WhiteElo "2328"]
[BlackElo "2440"]
[PlyCount "66"]
[EventDate "2009.05.01"]
[EventType "swiss"]
[EventRounds "9"]
[EventCountry "RUS"]
[SourceTitle "CBM 130 Extra"]
[Source "ChessBase"]
[SourceDate "2009.07.02"]
[SourceVersion "2"]
[SourceVersionDate "2009.07.15"]
[SourceQuality "1"]

1. e4 c6 2. d4 d5 3. Nd2 dxe4 4. Nxe4 Nf6 5. Nxf6+ gxf6 6. c3 Bf5 7. Ne2 h5 8. h4 Nd7 9. Ng3 Bg6 10. Be2 Qa5 11. a3 0-0-0 12. Be3 e5 13. b4 Qc7 14. Bxh5 f5 15. Bxg6 fxg6 16. Bg5 Re8 17. 0-0 Be7 18. Qd2 e4 19. Ne2 Rh5 20. Bxe7 Rxe7 21. Qf4 Reh7 22. g3 Qd8 23. b5 Qf6 24. bxc6 Qxc6 25. c4 Qf6 26. c5 g5 27. Qd2 gxh4 28. Nf4 Rg5 29. Nd5 Qg6 30. c6 hxg3 31. cxb7+ Kxb7 32. Rab1+ Nb6 33. f4 Rgh5 0-1

[Event "Moscow op-A"]
[Site "Moscow"]
[Date "2009.02.03"]
[Round "4"]
[White "Siritsa, Dmitry"]
[Black "Sjugirov, Sanan"]
[Result "0-1"]
[WhiteElo "2327"]
[BlackElo "1898"]
[PlyCount "88"]
[EventDate "2009.01.31"]
[EventType "swiss"]
[EventRounds "9"]
[EventCountry "RUS"]
[SourceTitle "EXT 2022"]
[Source "ChessBase"]
[SourceDate "2021.10.06"]
[SourceVersion "1"]
[SourceVersionDate "2021.10.06"]
[SourceQuality "1"]

1. d4 Nf6 2. c4 g6 3. Nc3 Bg7 4. e4 0-0 5. Nf3 d6 6. Be2 e5 7. 0-0 Nc6 8. d5 Ne7 9. b4 Nh5 10. Re1 f5 11. Ng5 Nf6 12. f3 Nh5 13. g3 Bf6 14. Kg2 a5 15. bxa5 c5 16. Nb5 Rxa5 17. a4 Ra6 18. Ra3 f4 19. Nh3 g5 20. Nf2 Ng6 21. Nd3 Be7 22. Nc3 Nf6 23. g4 h5 24. h3 Rf7 25. Nf2 Nh4+ 26. Kf1 Rh7 27. Bd3 Qf8 28. Ke2 Nxf3 29. Kxf3 hxg4+ 30. hxg4 Nxg4 31. Rh1 Nh2+ 32. Ke2 g4 33. Qg1 g3 34. Kd1 Qg7 35. Bxf4 exf4 36. e5 Rh6 37. exd6 Bxd6 38. Nfe4 g2 39. Nf6+ Kf7 40. Nce4 gxh1Q 41. Qxh1 Ng4 42. Nh5 Ne3+ 43. Kc1 Qg2 44. Qh4 Qg1+ 0-1

[Event "Zvenigorod Autumn op-B"]
[Site "Zvenigorod"]
[Date "2008.09.25"]
[Round "1"]
[White "Kalmykova, Anastasia"]
[Black "Siritsa, Dmitry"]
[Result "0-1"]
[WhiteElo "2093"]
[BlackElo "2271"]
[PlyCount "108"]
[EventDate "2008.09.25"]
[EventType "swiss"]
[EventRounds "9"]
[EventCountry "RUS"]
[SourceTitle "EXT 2022"]
[Source "ChessBase"]
[SourceDate "2021.10.06"]
[SourceVersion "1"]
[SourceVersionDate "2021.10.06"]
[SourceQuality "1"]

1. d4 d5 2. c4 c6 3. cxd5 cxd5 4. Nc3 Nc6 5. Nf3 Nf6 6. Bf4 Bf5 7. e3 e6 8. Qb3 Bb4 9. Bb5 Qa5 10. 0-0 0-0 11. Bxc6 bxc6 12. Bc7 Qxc7 13. Qxb4 Rab8 14. Qa3 Nd7 15. Rfc1 Rfc8 16. Na4 Qa5 17. b3 Rb4 18. Rc3 Nb6 19. Ne5 Nc4 20. Nxc4 dxc4 21. Qc1 Rxa4 22. bxa4 Bd3 23. Rxc4 Bxc4 24. Qxc4 g6 25. Rb1 Qd5 26. Qxd5 cxd5 27. g3 Rc4 28. Rb8+ Kg7 29. Rb2 Rxa4 30. Kf1 g5 31. h3 Kg6 32. Kg2 h5 33. h4 g4 34. f3 f6 35. Rd2 Kf5 36. Kf2 Ra3 37. Rc2 e5 38. dxe5 fxe5 39. fxg4+ hxg4 40. Rd2 Ke4 41. h5 Rxe3 42. h6 Rf3+ 43. Kg1 Rf7 44. Rf2 Rh7 45. Rf6 Ke3 46. Rf5 Ke4 47. Rf6 d4 48. Kf2 d3 49. a3 Rd7 50. Ke1 Ke3 51. Re6 e4 52. Kd1 Rf7 53. Kc1 d2+ 54. Kc2 Rc7+ 0-1

[Event "Vladimir op-B"]
[Site "Vladimir"]
[Date "2008.08.21"]
[Round "9"]
[White "Ryzhov, Vladimir1"]
[Black "Siritsa, Dmitry"]
[Result "0-1"]
[WhiteElo "2227"]
[BlackElo "2271"]
[PlyCount "168"]
[EventDate "2008.08.12"]
[EventType "swiss"]
[EventRounds "10"]
[EventCountry "RUS"]
[SourceTitle "CBM 126 Extra"]
[Source "ChessBase"]
[SourceDate "2008.11.05"]
[SourceVersion "1"]
[SourceVersionDate "2008.11.05"]
[SourceQuality "1"]

1. e4 c5 2. Nf3 d6 3. d4 cxd4 4. Nxd4 Nf6 5. Nc3 a6 6. Bg5 e6 7. f4 Qb6 8. Nb3 Nbd7 9. Qe2 Qc7 10. 0-0-0 Be7 11. h4 b5 12. a3 Rb8 13. g4 b4 14. axb4 Rxb4 15. Rh3 Bb7 16. Bxf6 Nxf6 17. g5 Nxe4 18. f5 exf5 19. Nd5 Bxd5 20. Rxd5 g6 21. Bg2 0-0 22. Re3 Rc8 23. Kb1 Qc4 24. Qd1 Qc6 25. Rd4 Rxd4 26. Nxd4 Qd5 27. Bxe4 fxe4 28. Qg4 Rb8 29. Rxe4 Bf8 30. Qe2 Bg7 31. c3 Be5 32. Kc1 Qa2 33. Qc2 f5 34. gxf6 Bxf6 35. Nc6 Qa1+ 36. Qb1 Qxb1+ 37. Kxb1 Rb6 38. Nd4 Kf7 39. Kc2 Be5 40. Nf3 Kf6 41. Nxe5 dxe5 42. b4 Kf5 43. Kd3 Rd6+ 44. Ke3 Rd1 45. Rc4 Rh1 46. Rc6 Rxh4 47. Rxa6 Rh3+ 48. Kd2 Ke4 49. Rd6 Rh2+ 50. Kc1 g5 51. b5 g4 52. b6 g3 53. b7 g2 54. Rd1 Rh1 55. b8Q Rxd1+ 56. Kxd1 g1Q+ 57. Kc2 Qg6 58. Qf8 h5 59. Qf2 Kd5+ 60. Kd2 Qg5+ 61. Kc2 Qf4 62. Qb6 h4 63. Qd8+ Ke6 64. Qe8+ Kf5 65. Qd7+ Kg5 66. Qg7+ Kh5 67. Qg2 e4 68. c4 Qf3 69. Qg8 Qd3+ 70. Kb2 e3 71. Qf7+ Kg5 72. Qg7+ Kf4 73. Qf6+ Kg3 74. Qe5+ Kf3 75. Qh5+ Kg2 76. Qg4+ Kf1 77. Qf3+ Ke1 78. Qg4 Qe2+ 79. Qxe2+ Kxe2 80. c5 Kd3 81. c6 e2 82. c7 e1Q 83. c8Q Qd2+ 84. Kb1 Qb4+ 0-1

[Event "Vladimir op-B"]
[Site "Vladimir"]
[Date "2008.08.13"]
[Round "2"]
[White "Siritsa, Dmitry"]
[Black "Krivobokov, Aleksey"]
[Result "1-0"]
[WhiteElo "2271"]
[BlackElo "2078"]
[PlyCount "51"]
[EventDate "2008.08.12"]
[EventType "swiss"]
[EventRounds "10"]
[EventCountry "RUS"]
[SourceTitle "CBM 126 Extra"]
[Source "ChessBase"]
[SourceDate "2008.11.05"]
[SourceVersion "1"]
[SourceVersionDate "2008.11.05"]
[SourceQuality "1"]

1. e4 c5 2. Nf3 e6 3. d3 Nc6 4. g3 d5 5. Nbd2 Nf6 6. Bg2 Qc7 7. 0-0 Rb8 8. Re1 Be7 9. e5 Nd7 10. Qe2 b5 11. Nf1 b4 12. Bf4 h6 13. h4 Ba6 14. Ne3 Nb6 15. a3 c4 16. dxc4 bxa3 17. b3 dxc4 18. Nf5 cxb3 19. Qxa6 b2 20. Nd6+ Kf8 21. Rxa3 Nd5 22. Rb1 Ncb4 23. Qxa7 Qxa7 24. Rxa7 Nxc2 25. Ra2 g5 26. hxg5 1-0

[Event "Moscow op-B 04th"]
[Site "Moscow"]
[Date "2008.02.08"]
[Round "7"]
[White "Siritsa, Dmitry"]
[Black "Gordievsky, Dmitry"]
[Result "1-0"]
[WhiteElo "2249"]
[BlackElo "2131"]
[PlyCount "47"]
[EventDate "2008.02.02"]
[EventType "swiss"]
[EventRounds "9"]
[EventCountry "RUS"]
[SourceTitle "CBM 122 Extra"]
[Source "ChessBase"]
[SourceDate "2008.03.04"]
[SourceVersion "1"]
[SourceVersionDate "2008.03.04"]
[SourceQuality "1"]

1. e4 c5 2. Nf3 d6 3. d4 cxd4 4. Nxd4 Nf6 5. Nc3 a6 6. Bg5 Nbd7 7. Bc4 Qa5 8. Qd2 e6 9. 0-0-0 b5 10. Bd5 exd5 11. Nc6 Qb6 12. exd5 Nc5 13. Bxf6 gxf6 14. Qf4 Bb7 15. Qxf6 Kd7 16. Kb1 b4 17. Ne2 Bxc6 18. dxc6+ Qxc6 19. Qxh8 Qe4 20. Qd4 Qxe2 21. Qxc5 Qe4 22. Qh5 Rc8 23. Qxf7+ Be7 24. Rhe1 1-0

[Event "Moscow op-B 04th"]
[Site "Moscow"]
[Date "2008.02.03"]
[Round "2"]
[White "Ganin, Alexander"]
[Black "Siritsa, Dmitry"]
[Result "0-1"]
[WhiteElo "1936"]
[BlackElo "2249"]
[PlyCount "67"]
[EventDate "2008.02.02"]
[EventType "swiss"]
[EventRounds "9"]
[EventCountry "RUS"]
[SourceTitle "CBM 122 Extra"]
[Source "ChessBase"]
[SourceDate "2008.03.04"]
[SourceVersion "1"]
[SourceVersionDate "2008.03.04"]
[SourceQuality "1"]

1. Nf3 d5 2. d4 Nf6 3. c4 c6 4. cxd5 cxd5 5. Nc3 Nc6 6. Bf4 Ne4 7. e3 Nxc3 8. bxc3 g6 9. Bd3 Bg7 10. 0-0 0-0 11. Rc1 Bg4 12. Be2 Na5 13. Ne5 Bxe2 14. Qxe2 Rc8 15. Rfd1 e6 16. e4 Nc4 17. Nxc4 Rxc4 18. e5 Qa5 19. Rd3 Rfc8 20. Qd2 b5 21. Rb1 Ra4 22. Rb2 Ra3 23. Rc2 Qa4 24. Rb2 a6 25. h3 Qa5 26. Rc2 Ra4 27. Kf1 Rac4 28. g3 Bf8 29. Bg5 Qc7 30. Qc1 b4 31. Bd2 a5 32. Kg2 a4 33. Qb2 Rb8 34. cxb4 0-1

[Event "Moscow Region-ch"]
[Site "Dubna"]
[Date "2001.??.??"]
[Round "4"]
[White "Gorshkov, Yuri"]
[Black "Siritsa, Dmitry"]
[Result "1-0"]
[WhiteElo "2382"]
[BlackElo "2221"]
[PlyCount "103"]
[EventDate "2001.??.??"]
[EventType "swiss"]
[EventRounds "9"]
[EventCountry "RUS"]
[SourceTitle "EXT 2006"]
[Source "ChessBase"]
[SourceDate "2005.11.24"]
[SourceVersion "1"]
[SourceVersionDate "2005.11.24"]
[SourceQuality "1"]

1. Nf3 Nf6 2. b3 d5 3. Bb2 Bf5 4. d3 e6 5. Nbd2 Nbd7 6. h3 h6 7. g3 Bd6 8. Bg2 Qe7 9. a3 e5 10. Nh4 Be6 11. e4 dxe4 12. dxe4 Nc5 13. Qe2 0-0-0 14. Nc4 g6 15. 0-0 Ncd7 16. Nxd6+ Qxd6 17. Rfd1 Qc5 18. Nf3 Nh5 19. Kh2 f6 20. Ne1 Bf7 21. Nd3 Qe7 22. a4 Rhe8 23. Ba3 Qe6 24. Nb4 Ng7 25. a5 Nb8 26. Qe3 a6 27. Qxh6 Nh5 28. Qe3 f5 29. Nd5 f4 30. Qa7 fxg3+ 31. fxg3 Rd7 32. Rd3 Nf6 33. Rf1 Nh7 34. h4 g5 35. Bh3 g4 36. Bg2 Qg6 37. c4 Bxd5 38. cxd5 Nf6 39. Qe3 Rh8 40. Rc3 Ne8 41. Rf5 Nd6 42. Bxd6 Qxd6 43. Rg5 Rf7 44. Rxg4 Nd7 45. Rg5 Rhf8 46. Qa7 Rf2 47. Qa8+ Nb8 48. Rg7 Qd8 49. Kg1 Rf1+ 50. Bxf1 Rxf1+ 51. Kxf1 Qf6+ 52. Kg2 1-0